000 00316nam a22001337a 4500
008 170601b xxu||||| |||| 00| 0 eng d
020 _a0669855227
041 _aeng
080 _23RD
_a94(100)
100 _a17
101 _aSHH
245 _aEUROPEAN HISTORY IN A WORLD PERSPECTIVE
_cCLOUGH,SH.B
942 _2udc
_cBK
999 _c15513
_d15513